| 000 | 01132cam a2200337 i 4500 | ||
|---|---|---|---|
| 001 | 1655978 | ||
| 003 | OSt | ||
| 005 | 20240618153548.0 | ||
| 008 | 971209s1998 nyu b 000 0 eng | ||
| 010 | _a 97051894 | ||
| 020 | _a0834804166 (pbk.) | ||
| 040 |
_aDLC _cDLC _dDLC |
||
| 050 | 0 | 0 |
_aBQ9266 _b.S266 1998 |
| 082 | 0 | 0 |
_a294.3/927 _221 |
| 100 | 1 |
_aSasaki, Shigetsu, _d1882-1945. |
|
| 245 | 1 | 0 |
_aZen Pivots : _blectures on Buddhism and Zen / _cby Sokei-an ; edited by Mary Farkas & Robert Lopez. |
| 250 | _a1st ed. | ||
| 264 |
_aNew York : _bWeatherhill, _c1998. |
||
| 300 |
_a190 pages ; _c22 cm. |
||
| 336 |
_2rdacontent _atext _btxt |
||
| 337 |
_2rdamedia _aunmediated _bn |
||
| 338 |
_2rdacarrier _avolume _bnc |
||
| 504 | _aIncludes bibliographical references (p. 175-184). | ||
| 650 | 0 | _aZen Buddhism. | |
| 650 | 0 |
_aReligious life _xBuddhism. |
|
| 700 | 1 |
_aFarkas, Mary, _d1910-1992. |
|
| 700 | 1 | _aLopez, Robert. | |
| 906 |
_a7 _bcbc _corignew _d1 _eocip _f19 _gy-gencatlg |
||
| 942 |
_2LCS _cBOOK _n0 |
||
| 999 |
_c1508 _d1508 |
||